000 00739nas a2200253 4500
001 BR9802763
003 BR-BrBNA
005 20231205100755.0
007 ta
008 230509b bl.|||p| |||| 00| 00por d
040 _aBR-BrBNA
_bpor
_cBiblioteca Nacional de Agricultura
041 _a(Pt)
072 _aN20
100 1 _aKahil, M.A.
100 1 _aGamero, C.A.
245 1 _aNiveis de ruido: avaliacao ergonomica de alguns tratores e equipamentos agricolas
650 _aTrator
650 _aFatores Ergonomicos
650 _aMedicao
650 _aRuido
773 0 _tEnergia na Agricultura (Brazil)
_xISSN 0102-9169
_g(1997), v. 12(3) p. 46-53
_wBR9802763
909 _a202311
_bLúcia
_c55
_dLúcia Elande
942 _2AGRIS
_n0
_cANA
999 _c157990
_d157990